ბათუმის შოთა რუსთაველის სახელმწიფო უნივერსიტეტის ბიბლიოთეკა

Курс высшей математики для заочных техникумов (ბიბ.ჩანაწერი № 47938)

000 -LEADER
fixed length control field 00579nam a2200193Ia 4500
001 - CONTROL NUMBER
control field 14815
003 - CONTROL NUMBER IDENTIFIER
control field GE_BSU
008 - FIXED-LENGTH DATA ELEMENTS--GENERAL INFORMATION
fixed length control field 181216s||||||||xx |||||||||||||| ||und||
040 ## - CATALOGING SOURCE
Transcribing agency GE_BSU
080 ## - UNIVERSAL DECIMAL CLASSIFICATION NUMBER
Universal Decimal Classification number 517(075.32)
100 ## - MAIN ENTRY--PERSONAL NAME
Personal name Агачев,П.Е.
245 ## - TITLE STATEMENT
Title Курс высшей математики для заочных техникумов
260 ## - PUBLICATION, DISTRIBUTION, ETC.
Place of publication, distribution, etc. Москва
260 ## - PUBLICATION, DISTRIBUTION, ETC.
Name of publisher, distributor, etc. Высшая школа
260 ## - PUBLICATION, DISTRIBUTION, ETC.
Date of publication, distribution, etc. 1970
300 ## - PHYSICAL DESCRIPTION
Extent 539стр.22см.
653 ## - INDEX TERM--UNCONTROLLED
Uncontrolled term Курс высшей математики для заочных техникумов
942 ## - ADDED ENTRY ELEMENTS (KOHA)
Koha item type წიგნი
ეგზემპლარები
Withdrawn status Lost status Damaged status Not for loan Date acquired Barcode Date last seen Price effective from Koha item type
        2018-12-17 15441 2018-12-17 2018-12-17 წიგნი
        2018-12-17 16562 2018-12-17 2018-12-17 წიგნი